000 00527nam a2200181Ia 4500
999 _c16060
_d16060
003 OSt
005 20200606115847.0
008 190216s9999||||xx |||||||||||||| ||und||
020 _a8185244529
040 _cMESKC library
082 _a891.438
_bUPR/H
100 _aUprati, Reekha Praveen
_9296
245 0 _aHindi Ka Yatra Sahitiya /
_c Reekha Praveen Uprati
260 _bHindi Book Center,
_aDelhi:
_c2000.
300 _a192p
650 _aHindi
942 _cBK
_2ddc
_h891.438
_iUPR/H
_k891.438
_mUPR/H